Management Science <An> Introduction to Quantitative Analysis for Management
Saved in:
| Main Author: | |
|---|---|
| Other Authors: | |
| Format: | Book |
| Language: | English |
| Published: |
New York
Harper and Row
1987
|
| Edition: | 2. ed. |
| Subjects: | |
| Tags: |
No Tags, Be the first to tag this record!
|
MARC
| LEADER | 00000nam a2200000 4500 | ||
|---|---|---|---|
| 001 | c009697 | ||
| 005 | 20221221075238.8 | ||
| 020 | |a 0-06-045229-3 | ||
| 041 | 0 | |a eng | |
| 044 | |a US | ||
| 245 | 1 | 0 | |a Management Science |b <An> Introduction to Quantitative Analysis for Management |c William E. Pinney, Donald B. MacWilliams |
| 250 | |a 2. ed. | ||
| 264 | 1 | |a New York |b Harper and Row |c 1987 | |
| 300 | |a 620 s. | ||
| 610 | 2 | 0 | |a veda o riadení |
| 610 | 2 | 0 | |a manažment |
| 610 | 2 | 0 | |a riadenie |
| 610 | 2 | 0 | |a modely matematické |
| 610 | 2 | 0 | |a modely ekonomické |
| 610 | 2 | 0 | |a programovanie matematické |
| 610 | 2 | 0 | |a využitie počítačov |
| 100 | 1 | |a Pinney, William E. | |
| 700 | 1 | |a MacWilliams, Donald B. | |